000227901 001__ 227901
000227901 005__ 20250112183358.0
000227901 022__ $$a2409-9074
000227901 022__ $$a2409-9074$$l2409-9074
000227901 022__ $$a2518-1106
000227901 0247_ $$2ZDBID$$aPERI:(DE-600)2973267-0
000227901 0247_ $$2ZDBPPN$$aZDPPN:1186995629
000227901 0247_ $$2EZBID$$aPERI:(DE-606)457788
000227901 0247_ $$2EZBID$$aPERI:(DE-606)457788
000227901 0247_ $$2OCLC$$aOCLC:1135818222
000227901 035__ $$aPERI:(DE-600)2973267-0
000227901 040__ $$a0089$$bger$$cDE-101$$dJOIN²$$eJOIN² journal identification
000227901 041__ $$aeng
000227901 044__ $$cXA-UA
000227901 082__ $$223sdnb$$a720$$qDE-600
000227901 08274 $$223sdnb$$a720$$qDE-600
000227901 2100_ $$2DE-600$$aZb. nauk. pracʹ, Ser.: galuzeve mašinobuduv. budìvn.
000227901 24220 $$2DE-600$$aAcademical journal / Series: Industrial machine building, civil engineering$$pSeries: Industrial machine building, civil engineering$$yen
000227901 24220 $$2DE-600$$6246-01/Cyrl$$aЗбiрник наукових праць$$iParalleltitel$$yru
000227901 24220 $$2DE-600$$6246-02/Cyrl$$aСерiя: Галузеве машинобудування, будiвництво$$iParalleltitel der Serie$$yru
000227901 24220 $$2DE-600$$aAcademical journal$$n[...]$$pSeries: Industrial machine building, civil engineering
000227901 245__ $$2DE-600$$aAcademical journal / Series: Industrial machine building, civil engineering$$honline, print$$pSeries: Industrial machine building, civil engineering
000227901 2463_ $$2DE-600$$aAcademical journal
000227901 2463_ $$aSeries: Industrial machine building, civil engineering
000227901 2463_ $$aЗбірник наукових праць: Серія: Галузеве машинобудування, будівництво
000227901 2463_ $$aAcademical journal. Series: Industrial machine building, civil engineering
000227901 2463_ $$aAcademical journal
000227901 2463_ $$aЗбірник наукових праць: Серія: Галузеве машинобудування, будівництво
000227901 247__ $$2DE-600$$aAcademical journal / Series: Industrial machine building, civil engineering
000227901 260__ $$aPoltava$$bPoltava National Technical Yuri Kondratyuk University$$c[2014?]-
000227901 2607_ $$2DOAJ$$aUkraine$$bPoltava National Technical Yuri Kondratyuk University$$d2019-02-06T18:08:28Z$$fЗбірник наукових праць: Серія: Галузеве машинобудування, будівництво
000227901 26431 $$aPoltava$$bPoltava National Technical Yuri Kondratyuk University$$c[2014?]-
000227901 3620_ $$2DE-600$$a2014, Tom 1 [?]- = No 40 [?]-
000227901 36301 $$2DE-600$$81.1\x$$b1$$i2014
000227901 380__ $$2marcgt$$ajournal
000227901 500__ $$aAutomatically generated record. (Updated: 2024-12-17)
000227901 65310 $$2EZB-Subject$$aArchitektur, Bauingenieur- und Vermessungswesen
000227901 65310 $$2EZB-Keyword$$aAllgemeines Bauingenieurswesen
000227901 65310 $$2DOAJ$$amechanic engineering$$d2019-02-06T18:08:28Z
000227901 65310 $$2DOAJ$$abuilding industry$$d2019-02-06T18:08:28Z
000227901 65310 $$2DOAJ$$aTechnology: Mechanical engineering and machinery$$d2019-02-06T18:08:28Z
000227901 65310 $$2DOAJ$$aTechnology: Engineering (General). Civil engineering (General): Transportation engineering$$d2019-02-06T18:08:28Z
000227901 77608 $$2DE-600$$iErscheint auch als$$nDruck-Ausgabe$$tAcademical journal. Series: Industrial machine building, civil engineering$$x2409-9074
000227901 8564_ $$d0$$uhttp://journals.nupp.edu.ua/znp$$yVerlag = kostenfrei
000227901 8564_ $$d0$$uhttp://journals.pntu.edu.ua/znp/about$$yJournal homepage (DOAJ)
000227901 8564_ $$d0$$uhttp://journals.pntu.edu.ua/znp/about/editorialTeam$$yEditorial board
000227901 8564_ $$d0$$uhttp://journals.pntu.edu.ua/znp/about/submissions$$yInstructions for Authors
000227901 8564_ $$d0$$uhttp://journals.pntu.edu.ua/znp/aim$$yScope
000227901 8564_ $$d0$$uhttp://journals.pntu.edu.ua/znp/quality$$yReview process
000227901 8564_ $$d0$$uhttps://ezb.ur.de/?2973267-0$$yEZB
000227901 880__ $$2DE-600$$6246-01/Cyrl$$aЗбiрник наукових праць$$iParalleltitel
000227901 880__ $$2DE-600$$6246-02/Cyrl$$aСерiя: Галузеве машинобудування, будiвництво$$iParalleltitel der Serie
000227901 8801_ $$2DE-600$$aAcademical journal / Series: Industrial machine building, civil engineering$$pSeries: Industrial machine building, civil engineering
000227901 909CO $$ooai:juser.fz-juelich.de:877087$$pauthority$$pauthority:PERI
000227901 909CO $$ooai:juser.fz-juelich.de:877087
000227901 915__ $$0StatID:(DE-HGF)0501$$2StatID$$aDBCoverage$$bDOAJ Seal$$d2019-02-06T18:08:28Z
000227901 915__ $$0StatID:(DE-HGF)0500$$2StatID$$aDBCoverage$$bDOAJ$$d2019-02-06T18:08:28Z
000227901 915__ $$0StatID:(DE-HGF)0030$$2StatID$$aPeer Review$$bDOAJ : Double anonymous peer review$$d2019-02-06T18:08:28Z
000227901 915__ $$0LIC:(DE-HGF)CCBYNCNDNV$$2V:(DE-HGF)$$aCreative Commons Attribution-NonCommercial-NoDerivs CC BY-NC-ND (No Version)$$bDOAJ$$d2019-02-06T18:08:28Z
000227901 930__ $$aSeries: Industrial machine building, civil engineering
000227901 936__ $$aEnglische, russische und ukrainische Benutzeroberfläche verfügbar. - Teilweise in kyrillischer Schrift. - Beiträge teilweise auf Englisch, teilweise auf Russisch, teilweise auf Ukrainisch. - Englische Abstracts.
000227901 980__ $$aPERI
000227901 980__ $$aAUTHORITY